| 000 | 00938nam a2200289 a 4500 | ||
|---|---|---|---|
| 001 | 579 | ||
| 003 | BR-CuiBMT | ||
| 005 | 20231129143259.0 | ||
| 008 | 231109s2006 spb 000 0 por d | ||
| 020 | _a8502057375 (v. 4, t. 1) | ||
| 040 |
_aBR-CuiBMT _cBR-CuiBMT |
||
| 080 |
_22007 _a347 |
||
| 090 |
_a347 _bG135n _c2. ed. |
||
| 100 | 1 | _aGagliano, Pablo Stolze | |
| 245 | 1 | 0 |
_aNovo curso de direito civil / _cPablo Stolze Gagliano, Rodolfo Pamplona Filho. |
| 250 | _a2. ed., rev., atual. e reform. | ||
| 260 |
_aSão Paulo : _bSaraiva, _c2006 |
||
| 300 |
_a v. ; _c23 cm |
||
| 500 | _aAbrangendo os códigos civis de 1916 e 2002. | ||
| 504 | _aInclui bibliografia. | ||
| 505 | 1 | _av. 4. Contratos - t. 1. Parte geral | |
| 590 | _aA Biblioteca possui somente o tomo 1 do volume 4. | ||
| 650 |
_aDireito civil _vLegislação _zBrasil |
||
| 650 | _aContratos (Direito civil) | ||
| 700 | 1 | _aPamplona Filho, Rodolfo | |
| 942 |
_2udc _cLV |
||
| 999 |
_c579 _d579 |
||